Thallium, (Record no. 38851)

MARC details
000 -LEADER
fixed length control field 00795cam a22002531 4500
001 - CONTROL NUMBER
control field med48000110
003 - CONTROL NUMBER IDENTIFIER
control field DLC
005 - DATE AND TIME OF LATEST TRANSACTION
control field 20260227111609.0
008 - FIXED-LENGTH DATA ELEMENTS--GENERAL INFORMATION
fixed length control field 801022s1947 dcu b f000 0 eng
010 ## - LIBRARY OF CONGRESS CONTROL NUMBER
LC control number med48000110
035 ## - SYSTEM CONTROL NUMBER
System control number (OCoLC)6851235
040 ## - CATALOGING SOURCE
Original cataloging agency DLC
Transcribing agency KWiU
Modifying agency OCoLC
-- DLC
042 ## - AUTHENTICATION CODE
Authentication code premarc
050 00 - LIBRARY OF CONGRESS CALL NUMBER
Classification number RA1231.T45
Item number H4
082 ## - DEWEY DECIMAL CLASSIFICATION NUMBER
Classification number 615.9
100 1# - MAIN ENTRY--PERSONAL NAME
Personal name Heyroth, Francis F.
Fuller form of name (Francis Farnham),
Dates associated with a name 1894-
245 00 - TITLE STATEMENT
Title Thallium,
Remainder of title a review and summary of medical literature.
260 ## - PUBLICATION, DISTRIBUTION, ETC.
Place of publication, distribution, etc. [Washington,
Name of publisher, distributor, etc. U.S. Govt. Print. Off.,
Date of publication, distribution, etc. 1947]
300 ## - PHYSICAL DESCRIPTION
Extent 23 p.
Dimensions 23 cm.
410 10 - SERIES STATEMENT/ADDED ENTRY--CORPORATE NAME [OBSOLETE, CAN/MARC], [LOCAL, USA]
Corporate name or jurisdiction name as entry element United States.
Subordinate unit Public Health Service.
Title of a work Public health reports. Supplement
Volume number/sequential designation no. 197
504 ## - BIBLIOGRAPHY, ETC. NOTE
Bibliography, etc. note "References": p. 17-23.
650 #0 - SUBJECT ADDED ENTRY--TOPICAL TERM
Topical term or geographic name entry element Thallium
General subdivision Toxicology.
650 #0 - SUBJECT ADDED ENTRY--TOPICAL TERM
Topical term or geographic name entry element Thallium
Form subdivision Bibliography.

No items available.

Powered by Koha